| 000 | 00513nam a2200181Ia 4500 | ||
|---|---|---|---|
| 001 | 8840 | ||
| 005 | 20260306160639.0 | ||
| 008 | 260306t2011||||xx |||||||||||||| ||spa|| | ||
| 041 | _aESP | ||
| 082 |
_a371.4 _bCH533 |
||
| 100 |
_aChávez Contreras, Angel E. _eAUT |
||
| 245 | 0 |
_aSe necesita un tutor: _bpautas, ideas y reflexiones para el ejercicio de la tutoría y orientación en la educación básica |
|
| 260 | _c2011 | ||
| 300 |
_a _c25 cm. |
||
| 650 | _aGEN | ||
| 654 | _aCED | ||
| 942 |
_cLIB _dJUS _fJUS _2ddc _n |
||
| 999 |
_c8840 _d8840 |
||